|
|
|
|
| LEADER |
00000nam a22000007a 4500 |
| 008 |
201214b ||||| |||| 00| 0 eng d |
| 020 |
|
|
|a 81-219-2611-4
|
| 100 |
|
|
|a SUBRAHMANYAM, N.
|a Avadhanulu, M. N
|
| 245 |
|
|
|a A textbook of optics for B. Sc. classes as per UGC model syllabus
|c / N. Subrahmanyam, Brij Lal [and] M. N. Avadhanulu
|g xx, 729p.; ill.
|
| 250 |
|
|
|b 25th, Revised ed.
|
| 260 |
|
|
|b S. Chand
|c 2014
|h New Delhi
|i 691680
|i 691681
|l QP475 .Su1
|m Eye
|m Physiological optics.
|
| 942 |
|
|
|a lcc
|c BK
|e Kuteyi, M. A.
|f 14/12/2020
|
| 952 |
|
|
|0 0
|1 0
|2 lcc
|4 0
|6 QP0475 S U1
|7 0
|9 455
|a HOL
|b TL
|c QZ
|d 2020-12-14
|l 0
|o QP475 .Su1
|p 2020-2184
|r 2020-12-14 00:00:00
|w 2020-12-14
|y BK
|
| 952 |
|
|
|0 0
|1 0
|2 lcc
|4 0
|6 QP0475 S U1
|7 0
|9 456
|a HOL
|b HOL
|c QZ
|d 2020-12-14
|l 0
|o QP475 .Su1
|p 2020-2185
|r 2020-12-14 00:00:00
|w 2020-12-14
|y BK
|
| 999 |
|
|
|c 229
|d 229
|